Agribusiness An Entrepreneurial Approach (Record no. 257353)

MARC details
000 -LEADER
fixed length control field 00427pam a2200181a 44500
008 - FIXED-LENGTH DATA ELEMENTS--GENERAL INFORMATION
fixed length control field 230405s1992 xxu||||| |||| 00| 0 eng d
041 ## - LANGUAGE CODE
Language code of text/sound track or separate title ENG
100 ## - MAIN ENTRY--PERSONAL NAME
Personal name William H Hamilton
245 ## - TITLE STATEMENT
Title Agribusiness An Entrepreneurial Approach
250 ## - EDITION STATEMENT
Edition statement 1
260 ## - PUBLICATION, DISTRIBUTION, ETC.
Place of publication, distribution, etc.
Name of publisher, distributor, etc. Delmar
Date of publication, distribution, etc. 1992
300 ## - PHYSICAL DESCRIPTION
Extent 368p,26cms
440 ## - SERIES STATEMENT/ADDED ENTRY--TITLE
Title 695
690 ## - LOCAL SUBJECT ADDED ENTRY--TOPICAL TERM (OCLC, RLIN)
Topical term or geographic name as entry element IMRDA
700 ## - ADDED ENTRY--PERSONAL NAME
Personal name D Howard Doster
700 ## - ADDED ENTRY--PERSONAL NAME
Personal name Donald F Connelly
906 ## - LOCAL DATA ELEMENT F, LDF (RLIN)
a 4494
Holdings
Withdrawn status Lost status Damaged status Not for loan Collection Home library Current library Date acquired Total Checkouts Barcode Date last seen Price effective from Koha item type
          Institute of Management & Rural Development Administration, Sangli Institute of Management & Rural Development Administration, Sangli 01/01/2011   RDS-9534 14/04/2023 14/04/2023 Book
          Institute of Management & Rural Development Administration, Sangli Institute of Management & Rural Development Administration, Sangli 01/01/2011   RDS-9533 14/04/2023 14/04/2023 Book
          Institute of Management & Rural Development Administration, Sangli Institute of Management & Rural Development Administration, Sangli 01/01/2011   RDS-9532 14/04/2023 14/04/2023 Book